000 00496nam a2200193 a 4500
001 1775556767359
003 YourLibrary
005 20260407154420.0
008 260407s2007##################000#0#eng##
020 _a9781405859011
082 0 4 _a355.3320941
_bCLA
100 1 _aClayton, Anthony,
_eauthor.
245 1 0 _aThe British Officer :
260 _bPearson Education,
_c2007.
300 _a378 pages
650 0 _aHistory.
942 _cENGLISH
040 _aYourLibrary
_beng
_cYourLibrary
999 _c618867
_d618867